25 Most Significant People in History - Statistics

General Stats
  • This quiz has been taken 978 times
  • The average score is 11 of 25
Answer Stats
Hint Answer % Correct
7 Adolf Hitler
88%
1 Jesus Christ
82%
6 George Washington
78%
18 Joseph Stalin
71%
3 Muhammad
69%
5 Abraham Lincoln
63%
15 Julius Caesar
56%
19 Albert Einstein
55%
2 Napoleon Bonaparte
49%
21 Isaac Newton
47%
23 Theodore Roosevelt
43%
17 Martin Luther
40%
20 Christopher Columbus
38%
9 Alexander the Great
34%
14 Karl Marx
34%
4 William Shakespeare
33%
25 Plato
32%
8 Aristotle
30%
16 Queen Victoria
30%
12 Charles Darwin
26%
13 Elizabeth I
22%
11 Henry VIII
21%
22 Charlemagne
18%
24 Wolfgang Amadeus Mozart
14%
10 Thomas Jefferson
5%
No matching quizzes found
Score Distribution
Percent of People with Each Score
Percentile by Number Answered
Your Score History
You have not taken this quiz